Suspects, lieux et armes des variantes du Cluedo - Statistiques

Statistiques générales
  • Ce quiz a été pris 47 fois
  • Le résultat moyen est 81 sur 245
Statistiques - réponses
Jeu Type d'éléments Eléments % Correct
Cluedo Passeport pour meurtre | Cluedo original | Super Cluedo Suspect Colonel Moutarde
98%
Cluedo 2008 Suspect Monsieur Moutarde
98%
Cluedo 2008 | Cluedo 2012 | Cluedo Edition Menteurs | +2 others Lieu Cuisine
93%
Cluedo 2008 | Cluedo Passeport pour meurtre | Cluedo original | Super Cluedo Suspect Mademoiselle Rose
93%
Super Cluedo Suspect Docteur Olive
91%
Cluedo 2008 Suspect Monsieur Olive
91%
Cluedo Passeport pour meurtre | Cluedo original Suspect Révérend Olive
91%
Cluedo 2008 | Cluedo 2012 | Cluedo Passeport pour meurtre | +2 others Arme Corde
89%
Cluedo 2012 | Cluedo Edition Menteurs Suspect Olive
89%
Cluedo 2008 | Cluedo Passeport pour meurtre | Cluedo original | Super Cluedo Suspect Madame Pervenche
86%
Cluedo 2012 | Cluedo Edition Menteurs Suspect Moutarde
86%
Cluedo 2008 | Cluedo Passeport pour meurtre | Cluedo original | Super Cluedo Suspect Professeur Violet
84%
Cluedo 2012 | Cluedo Edition Menteurs Suspect Rose
84%
Cluedo 2012 | Cluedo Edition Menteurs Suspect Pervenche
82%
Cluedo 2008 | Cluedo 2012 | Cluedo Edition Menteurs | +2 others Lieu Salle à manger
82%
Cluedo 2012 Lieu Chambre
80%
Cluedo 2008 | Cluedo 2012 | Cluedo Edition Menteurs | +3 others Arme Chandelier
80%
Cluedo 2008 | Cluedo 2012 | Cluedo Edition Menteurs Lieu Salon
80%
Cluedo 2012 | Cluedo Edition Menteurs Suspect Violet
75%
Cluedo 2008 | Cluedo 2012 | Cluedo Edition Menteurs | +4 others Arme Revolver
73%
Super Cluedo Lieu Jardin
68%
Cluedo Edition Menteurs | Cluedo original | Super Cluedo Lieu Bibliothèque
64%
Cluedo 2008 | Cluedo Passeport pour meurtre | Cluedo original | Super Cluedo Suspect Madame Leblanc
61%
Cluedo 2008 | Cluedo 2012 | Cluedo Edition Menteurs | +3 others Arme Poignard
59%
Cluedo 2012 | Cluedo Edition Menteurs | Cluedo original | Super Cluedo Lieu Bureau
57%
Cluedo 2012 | Cluedo Passeport pour meurtre | Cluedo original | Super Cluedo Arme Clé anglaise
57%
Cluedo 2012 Suspect Leblanc
57%
Cluedo 2012 | Cluedo Edition Menteurs Lieu Entrée
43%
Cluedo 2008 | Cluedo original Lieu Hall
43%
Cluedo original | Super Cluedo Lieu Veranda
43%
Cluedo The Walking Dead Arme Couteau
41%
Cluedo Passeport pour meurtre | Cluedo original | Super Cluedo Arme Matraque
41%
Cluedo 2008 | Cluedo Edition Menteurs | Super Cluedo Arme Poison
39%
Cluedo Edition Menteurs | Super Cluedo Lieu Salle de billard
36%
Cluedo 2012 Lieu Garage
34%
Cluedo original | Super Cluedo Lieu Petit salon
32%
Cluedo 2012 Lieu Salle de bains
30%
Cluedo 2012 | Cluedo Edition Menteurs Arme Barre de fer
27%
Cluedo original Suspect Docteur Orchidée
27%
Cluedo original | Super Cluedo Lieu Grand salon
27%
Cluedo Edition Menteurs Suspect Orchidée
25%
Cluedo 2012 Lieu Salle de jeux
23%
Cluedo Edition Menteurs Lieu Jardin d'hiver
20%
Cluedo Harry Potter Suspect Lucius Malefoy
20%
Cluedo Edition Menteurs Lieu Salle de réception
20%
Cluedo Harry Potter Suspect Bellatrix Lestrange
18%
Cluedo Passeport pour meurtre Arme Fusil
16%
Super Cluedo Lieu Grange
16%
Cluedo 2008 | Cluedo Passeport pour meurtre | Cluedo The Walking Dead Arme Hache
16%
Cluedo Passeport pour meurtre | Super Cluedo Suspect Mademoiselle Pêche
16%
Cluedo Harry Potter Lieu Poudlard
16%
Cluedo Passeport pour meurtre | Super Cluedo Suspect Sergent Legris
16%
Cluedo The Legend of Zelda Suspect Zelda
16%
Cluedo Harry Potter Suspect Drago Malefoy
14%
Cluedo The Legend of Zelda Objet Marteau
14%
Cluedo 2008 Lieu Patio
14%
Cluedo The Legend of Zelda Objet Arc
11%
Cluedo The Legend of Zelda Suspect Link
11%
Super Cluedo Arme Fer à cheval
9%
Cluedo Passeport pour meurtre | Super Cluedo Lieu Kiosque
9%
Super Cluedo Suspect Madame Chose
9%
Cluedo Passeport pour meurtre | Super Cluedo Suspect Monsieur Prunelle
9%
Cluedo Harry Potter Suspect Peter Pettigrow
9%
Cluedo original Lieu Studio
9%
Cluedo Game of Thrones | Cluedo The Walking Dead Arme Arbalète
7%
Cluedo 2008 Arme Batte
7%
Super Cluedo Lieu Fontaine
7%
Cluedo 2008 Arme Haltère
7%
Cluedo 2008 Lieu Chambre d'amis
5%
Cluedo Game of Thrones Suspect Daenerys Targaryen
5%
Cluedo The Walking Dead Suspect Daryl
5%
Cluedo Harry Potter Suspect Fenrir Greyback
5%
Cluedo Harry Potter Lieu Forêt Interdite
5%
Cluedo The Walking Dead Suspect Glenn
5%
Cluedo The Walking Dead Suspect Michonne
5%
Cluedo The Walking Dead Suspect Negan
5%
Cluedo 2008 Lieu Observatoire
5%
Cluedo Game of Thrones Lieu (Donjon rouge) Pavillon
5%
Cluedo The Walking Dead Suspect Rick
5%
Cluedo 2008 Lieu Salle de projection
5%
Cluedo 2008 Lieu Spa
5%
Cluedo Edition Menteurs Arme Statue
5%
Cluedo Game of Thrones Suspect Tyrion Lannister
5%
Cluedo Harry Potter Lieu Cabane Hurlante
2%
Cluedo The Walking Dead Suspect Carol
2%
Cluedo Game of Thrones Suspect Cersei Lannister
2%
Cluedo Harry Potter Lieu Chez Weasley, Farces pour sorciers facétieux
2%
Cluedo The Walking Dead Lieu Cimetière
2%
Cluedo The Walking Dead Lieu Eglise
2%
Cluedo The Legend of Zelda Objet Epée de légende
2%
Cluedo Passeport pour meurtre Arme Flacon de poison
2%
Cluedo The Walking Dead Lieu Garde-manger
2%
Cluedo Harry Potter Lieu Gringotts
2%
Cluedo Game of Thrones Suspect Jaime Lannister
2%
Cluedo Game of Thrones Suspect Jorah Mormont
2%
Cluedo Game of Thrones Suspect Littlefinger
2%
Cluedo The Walking Dead Arme Lucille
2%
Cluedo Harry Potter Lieu Manoir Malefoy
2%
Cluedo Game of Thrones Suspect Margaery Tyrell
2%
Cluedo Harry Potter Lieu Ministère de la Magie
2%
Cluedo Game of Thrones Suspect Missandei
2%
Cluedo Harry Potter Objet Philtre d'amour
2%
Cluedo Harry Potter Suspect Rafleur
2%
Cluedo Passeport pour meurtre Lieu Salle d'attente
2%
Cluedo Passeport pour meurtre Lieu Salle des machines
2%
Cluedo Game of Thrones Suspect Sansa Stark
2%
Cluedo Harry Potter Objet Stupéfix
2%
Cluedo 2008 Arme Trophée
2%
Cluedo Game of Thrones Suspect Ver Gris
2%
Cluedo Harry Potter Lieu 12, Square Grimmaurd
0%
Cluedo Game of Thrones Lieu (Donjon rouge) Appartements de Cersei
0%
Cluedo Game of Thrones Lieu (Donjon rouge) Appartements du Roi Tommen
0%
Cluedo Game of Thrones Arme Arakh
0%
Cluedo Game of Thrones Lieu (Meereen) Arène de Daznak
0%
Cluedo The Walking Dead Lieu Armurerie
0%
Cluedo Harry Potter Objet Balai piégé
0%
Cluedo Passeport pour meurtre Lieu Barbier
0%
Cluedo The Legend of Zelda Lieu Bois Perdus
0%
Cluedo The Legend of Zelda Objet Boomerang
0%
Cluedo Game of Thrones Lieu (Meereen) Catacombe aux dragons
0%
Cluedo Game of Thrones Lieu (Donjon rouge) Cellules de la prison
0%
Cluedo Game of Thrones Lieu (Donjon rouge) Chambres de la garde royale
0%
Cluedo Harry Potter Objet Collier maudit
0%
Cluedo Passeport pour meurtre Lieu Consigne à bagages
0%
Cluedo Game of Thrones Lieu (Donjon rouge) Cour d'entraînement
0%
Cluedo The Walking Dead Lieu Cuisine de Carol
0%
Cluedo Game of Thrones Suspect Daario Naharis
0%
Cluedo Game of Thrones Arme Dague de Catspaw
0%
Cluedo The Legend of Zelda Suspect Darunia
0%
Cluedo The Legend of Zelda Lieu Domaine Zora
0%
Cluedo Game of Thrones Arme Fiole de poison
0%
Cluedo The Legend of Zelda Lieu Forêt Kokiri
0%
Cluedo The Legend of Zelda Lieu Forêt Sacrée
0%
Cluedo The Legend of Zelda Lieu Forteresse Gerudo
0%
Cluedo The Walking Dead Arme Fusil de chasse
0%
Cluedo Game of Thrones Lieu (Meereen) Grand bazar
0%
Cluedo The Legend of Zelda Objet Grappin
0%
Cluedo Passeport pour meurtre Lieu Guichet
0%
Cluedo Game of Thrones Arme Hache de guerre
0%
Cluedo Game of Thrones Suspect Hizdahr zo Loraq
0%
Cluedo Harry Potter Objet Hydromel empoisonné
0%
Cluedo The Legend of Zelda Suspect Impa
0%
Cluedo Harry Potter Objet Incendio
0%
Cluedo The Walking Dead Lieu Infirmerie
0%
Cluedo Game of Thrones Lieu (Donjon rouge) Jardins
0%
Cluedo Game of Thrones Lieu (Donjon rouge) Laboratoire de Qyburn
0%
Cluedo Game of Thrones Lieu (Donjon rouge) Laboratoire du Grand Mestre Pycelle
0%
Cluedo The Legend of Zelda Lieu Lac Hylia
0%
Cluedo The Legend of Zelda Objet Missile teigneux
0%
Cluedo The Legend of Zelda Lieu Montagne de la Mort
0%
Cluedo The Legend of Zelda Suspect Nabooru
0%
Cluedo Passeport pour meurtre Lieu Objets perdus
0%
Cluedo The Walking Dead Lieu Porte principale
0%
Cluedo Game of Thrones Lieu (Meereen) Portes de la ville
0%
Cluedo Game of Thrones Lieu (Meereen) Pyramide de Grand Maître
0%
Cluedo Game of Thrones Lieu (Meereen) Quartiers des esclaves
0%
Cluedo The Legend of Zelda Suspect Rauru
0%
Cluedo Passeport pour meurtre Lieu Salle de cocktails
0%
Cluedo Game of Thrones Lieu (Donjon rouge) Salle du conseil restreint
0%
Cluedo The Walking Dead Lieu Salon de Deanna
0%
Cluedo Game of Thrones Arme Sans-visage
0%
Cluedo Game of Thrones Lieu (Meereen) Temple des Grâces
0%
Cluedo Harry Potter Lieu Tête de Sanglier
0%
Cluedo The Walking Dead Lieu Tour de garde
0%
Cluedo Game of Thrones Lieu (Donjon rouge) Tour de la Main
0%
Cluedo Game of Thrones Lieu (Meereen) Tunnels
0%
Cluedo The Legend of Zelda Lieu Vallée Gerudo
0%
Cluedo The Legend of Zelda Lieu Village Cocorico
0%
Cluedo Passeport pour meurtre Lieu Wagon restaurant
0%
Aucun quiz correspondant
Distribution des résultats
% des personnes avec chaque résultat
Percentile par nombre de réponses
Votre historique - résultats
Vous n’avez pas pris ce quiz